Immunology for the Rheumatic diseases

Sparad:
Bibliografiska uppgifter
Huvudupphovsman: Immunology for the Rheumatic diseases
Materialtyp: Bok
Språk:Undetermined
Publicerad: London Edward Arnold 1977
Ämnen:
Taggar: Lägg till en tagg
Inga taggar, Lägg till första taggen!
Thư viện lưu trữ: Trung tâm Học liệu Trường Đại học Cần Thơ
LEADER 00526nam a2200169Ia 4500
001 CTU_45853
008 210402s9999 xx 000 0 und d
082 |a 616.079 
082 |b I33n 
100 |a Immunology for the Rheumatic diseases 
245 0 |a Immunology for the Rheumatic diseases 
245 0 |c Immunology for the Rheumatic diseases; Biên soạn: R.N.Maini [.et..] 
260 |a London 
260 |b Edward Arnold 
260 |c 1977 
650 |a immunology 
980 |a Trung tâm Học liệu Trường Đại học Cần Thơ